[Event "Brno Duras op-B"]
[Site "Brno"]
[Date "2012.06.29"]
[Round "8"]
[White "Martirosyan, Artyom"]
[Black "Vamola, Stepan"]
[Result "1-0"]
[WhiteElo "1000"]
[BlackElo "1250"]
[PlyCount "57"]
[EventDate "2012.06.23"]
[EventType "tourn"]
[EventRounds "9"]
[EventCountry "CZE"]
[SourceTitle "CBM 149 Extra"]
[Source "ChessBase"]
[SourceDate "2012.08.24"]
[SourceVersion "1"]
[SourceVersionDate "2012.08.24"]
[SourceQuality "1"]

1. a4 e5 2. b3 Nc6 3. Bb2 Nf6 4. Nc3 e4 5. e3 Bb4 6. Bc4 d5 7. Nxd5 Nxd5 8. Qh5 0-0 9. Bxd5 Ne7 10. c3 Bc5 11. Bxe4 g6 12. Qxc5 Qd7 13. c4 Rd8 14. d4 Qe6 15. Bd3 b6 16. Qg5 Bb7 17. d5 Qd6 18. Qh6 f6 19. Nf3 Qb4+ 20. Nd2 Nf5 21. Bxf5 gxf5 22. Bxf6 Rd7 23. Qg5+ Kf8 24. Qxf5 Ke8 25. Qe6+ Kf8 26. Qxd7 Bc8 27. Qg7+ Ke8 28. Qg8+ Kd7 29. Qe6# 1-0